000 00364nam a2200133 a 4500
005 20140414132123.0
008 131217s19uu xx 00 eng d
050 _aTR
_bOne58 1968
245 _aOne two three (123) to the zoo:
_ba counting book.
260 _aNew York :
_bPhilomel Books,
_cc1968.
300 _a26
650 _aNumbers-
_xcounting
999 _c115145
_d115145